[Event "Challenge"]
[Site "http://www.queenalice.com/game.php?id=382679"]
[Date "2008.4.5"]
[Round "-"]
[White "stress"]
[Black "jamesc"]
[Result "0-1"]
[WhiteElo "1854"]
[BlackElo "1923"]

1. e4 c5 2. Nf3 Nc6 3. Be2 d6 4. O-O Nf6 5. d3 g6 6. c3 Bg7 7. Bd2 Qb6 8. Qc2 e5
9. a3 Be6 10. b4 a5 11. Qb2 O-O 12. b5 Ne7 13. a4 d5 14. exd5 Nfxd5 15. Ng5 Bd7
16. Bf3 h6 17. Ne4 f5 18. Ng3 f4 19. Ne4 Bf5 20. c4 Nb4 21. Bxb4 axb4 22. Nbd2
Rfd8 23. Be2 g5 24. Rfd1 Nc8 25. Qb3 Nd6 26. f3 Nxe4 27. dxe4 Be6 28. h3 Qc7 29.
Qc2 b6 30. Nb3 Bf6 31. Rxd8+ Bxd8 32. Kf2 Qg7 33. Ra2 h5 34. Qd1 Bc7 35. Qa1 g4
36. hxg4 hxg4 37. a5 gxf3 38. Bxf3 Bxc4 39. axb6 Rxa2+ 40. Qxa2 Bxb6 41. Qa8+
Kh7 42. Nd2 Bxb5 43. Qb8 Qc7 44. Qf8 c4+ 45. Ke1 Qc5 46. Qf5+ Kg7 47. Qg5+ Kf7
48. Bh5+ Ke6 49. Qg7 Qf2+ 50. Kd1 Ba4+ 0-1

[Event "QA-ANNIV-03"]
[Site "http://www.queenalice.com/game.php?id=385486"]
[Date "2008.4.10"]
[Round "6"]
[White "OrlandoRochaFilho"]
[Black "jamesc"]
[Result "1-0"]
[WhiteElo "2023"]
[BlackElo "1936"]

1. b3 e5 2. Bb2 Nc6 3. e3 d5 4. Bb5 Bd6 5. f4 f6 6. Qh5+ g6 7. Qh4 Bd7 8. Nf3 h5
9. Bxc6 Bxc6 10. fxe5 g5 11. Qf2 Be7 12. O-O g4 13. Nd4 Qd7 14. e6 Qd6 15. Nf5
Qc5 16. Ba3 Qxc2 17. Nxe7 Nxe7 18. Bxe7 Kxe7 19. Qxf6+ Kd6 20. Qf4+ Kxe6 21.
Qf7+ Kd6 22. Rf6+ Kc5 23. Qe7+ Kb6 24. Qb4+ Ka6 25. Na3 Qd3 26. Rc1 Rab8 27.
Qa4+ Kb6 28. Rcxc6+ bxc6 29. Qxc6+ Ka5 30. Qa4# 1-0

[Event "Challenge"]
[Site "http://www.queenalice.com/game.php?id=395361"]
[Date "2008.4.29"]
[Round "-"]
[White "loinburger"]
[Black "jamesc"]
[Result "0-1"]
[WhiteElo "1778"]
[BlackElo "1923"]

1. e4 c5 2. Nc3 Nc6 3. f4 g6 4. Nf3 Bg7 5. g3 d6 6. Bg2 Nf6 7. O-O O-O 8. b3
Nxe4 9. Bb2 Bf5 10. Na4 Nf6 11. c4 a6 12. d4 b5 13. Nc3 cxd4 14. Nxd4 Nxd4 15.
Qxd4 Ne4 16. Qe3 d5 17. cxd5 Nd6 18. Rf2 Qa5 19. Qxe7 Qb6 20. Nd1 Rfe8 21. Qh4
Re1+ 22. Bf1 Bxb2 23. Nxb2 Rxa1 24. Kg2 Be4+ 0-1

[Event "Challenge"]
[Site "http://www.queenalice.com/game.php?id=399760"]
[Date "2008.5.8"]
[Round "-"]
[White "Sabaak_No_Gaara"]
[Black "jamesc"]
[Result "1/2-1/2"]
[WhiteElo "1906"]
[BlackElo "1932"]

1. e4 c5 2. d4 cxd4 3. c3 dxc3 4. Nxc3 Nc6 5. Bc4 e6 6. Nf3 Bb4 7. O-O Bxc3 8.
bxc3 Qf6 9. Qb3 Nge7 10. Bg5 Qg6 11. Rfe1 h6 12. Bd2 e5 13. Nh4 Qf6 14. Nf3 O-O
15. h3 Na5 16. Qb5 Nxc4 17. Qxc4 b6 18. Nh2 Bb7 19. Ng4 Qd6 20. Rad1 Rac8 21.
Qb3 Qc6 22. Nxe5 Qe6 23. f4 d6 24. Nf3 1/2-1/2

[Event "Challenge"]
[Site "http://www.queenalice.com/game.php?id=399761"]
[Date "2008.5.8"]
[Round "-"]
[White "jamesc"]
[Black "Sabaak_No_Gaara"]
[Result "1/2-1/2"]
[WhiteElo "1933"]
[BlackElo "1905"]

1. e4 e5 2. Nf3 Nc6 3. Bc4 Bc5 4. d3 Nge7 5. Ng5 d5 6. exd5 Na5 7. d6 Qxd6 8.
Bxf7+ Kf8 9. Ne4 Bxf2+ 10. Nxf2 Kxf7 11. O-O Qb6 12. Nc3 Rf8 13. b3 Kg8 14. Ne4
Bf5 15. Kh1 Qg6 16. c4 Rf7 17. Bd2 Nac6 18. Qe2 Nd4 19. Qd1 Raf8 20. Be3 Bxe4
21. dxe4 c5 22. Qd3 Nec6 23. a3 b6 1/2-1/2

[Event "AUTO-OPEN-967"]
[Site "http://www.queenalice.com/game.php?id=406194"]
[Date "2008.5.21"]
[Round "2"]
[White "jamesc"]
[Black "AASFIGUEIREDO"]
[Result "1-0"]
[WhiteElo "1916"]
[BlackElo "1831"]

1. e4 e5 2. Nf3 Nc6 3. Bc4 Bc5 4. Nc3 Nf6 5. b3 a6 6. a4 Nd4 7. Bb2 d6 8. O-O
Bg4 9. Be2 O-O 10. Nxd4 Bxe2 11. Ndxe2 Re8 12. d4 exd4 13. Nxd4 Nxe4 14. Nxe4
Rxe4 15. f3 Re3 16. Kh1 Qg5 17. Bc1 Qe5 18. Bxe3 Qxe3 19. Nf5 Qe6 20. Qd3 g6 21.
Ng3 f5 22. Rfe1 Qf6 23. Qd5+ 1-0

[Event "AUTO-OPEN-967"]
[Site "http://www.queenalice.com/game.php?id=406195"]
[Date "2008.5.21"]
[Round "2"]
[White "AASFIGUEIREDO"]
[Black "jamesc"]
[Result "0-1"]
[WhiteElo "1777"]
[BlackElo "1958"]

1. e4 c5 2. Nf3 Nc6 3. d4 cxd4 4. Nxd4 Nf6 5. Nc3 e5 6. Nxc6 bxc6 7. Bd3 Bb4 8.
Bd2 d5 9. O-O O-O 10. a3 Bc5 11. exd5 cxd5 12. b4 Bd4 13. Rc1 Bd7 14. Nb5 Bb6
15. Bg5 h6 16. Bh4 g5 17. Bg3 e4 18. Be2 e3 19. Nd4 Re8 20. fxe3 Rxe3 21. c3 Rc8
22. Qd2 Qe7 23. Bf2 Bxd4 24. Qxd4 Rxe2 25. Rfe1 Rxe1+ 26. Rxe1 Be6 27. h3 Ne4
28. Re3 Qd7 0-1

[Event "QA-ANNIV-03"]
[Site "http://www.queenalice.com/game.php?id=413671"]
[Date "2008.6.5"]
[Round "7"]
[White "jamesc"]
[Black "miguel"]
[Result "1-0"]
[WhiteElo "1901"]
[BlackElo "1676"]

1. e4 e5 2. Nf3 Nc6 3. Bc4 Nf6 4. Ng5 d5 5. exd5 Nxd5 6. Qf3 Qxg5 7. Bxd5 Qg6 8.
O-O Nb4 9. Bxb7 Rb8 10. Bxc8 Rxc8 11. Qb7 Rd8 12. Na3 Nxc2 13. Nxc2 Qxc2 14.
Qb5+ Rd7 15. Qxe5+ Re7 16. Qb5+ Rd7 17. Qb8+ Rd8 18. Qxa7 Be7 19. Qe3 Rd7 20.
Qc3 Qg6 21. b4 Bf6 22. Re1+ Kd8 23. Qc6 1-0

[Event "QA-ANNIV-03"]
[Site "http://www.queenalice.com/game.php?id=446330"]
[Date "2008.8.9"]
[Round "8"]
[White "ricardoshima"]
[Black "jamesc"]
[Result "1-0"]
[WhiteElo "1961"]
[BlackElo "1965"]

1. e4 c5 2. Nf3 Nc6 3. d4 cxd4 4. Nxd4 Nf6 5. Nc3 e5 6. Ndb5 a6 7. Nd6+ Bxd6 8.
Qxd6 Qe7 9. Qxe7+ Nxe7 10. Bg5 Nc6 11. Bxf6 gxf6 12. Nd5 O-O 13. Nxf6+ Kg7 14.
Nh5+ Kg6 15. Ng3 Nb4 16. Rc1 Nxa2 17. Rd1 Nb4 18. Rd6+ Kg7 19. c3 Nc6 20. Nf5+
Kh8 21. Bc4 f6 22. h4 b5 23. Bd5 a5 24. Ne7 Nxe7 25. Bxa8 Rg8 26. Rxf6 Rxg2 27.
Rf8+ Kg7 28. Rf3 d6 29. Rg3+ Rxg3 30. fxg3 h5 31. O-O Bg4 32. Rf2 Nc8 33. Bb7
Nb6 34. Bc6 b4 35. cxb4 axb4 36. Bb5 Be6 37. Rd2 d5 38. exd5 Bxd5 39. Kf2 Kf7
40. Rc2 Ke7 41. Bc6 Bxc6 42. Rxc6 Nd5 43. Kf3 Kd7 44. Rh6 Ke7 45. Rxh5 Kd6 46.
g4 1-0